<?xml version="1.0" encoding="UTF-8"?>
<record
    xmlns:xsi="http://www.w3.org/2001/XMLSchema-instance"
    xsi:schemaLocation="http://www.loc.gov/MARC21/slim http://www.loc.gov/standards/marcxml/schema/MARC21slim.xsd"
    xmlns="http://www.loc.gov/MARC21/slim">

  <leader>00574nam a22001577a 4500</leader>
  <controlfield tag="005">20250903145831.0</controlfield>
  <controlfield tag="008">250709b        |||||||| |||| 00| 0 eng d</controlfield>
  <datafield tag="050" ind1=" " ind2=" ">
    <subfield code="a">RES HF 5415.I29 .K 57 2012</subfield>
    <subfield code="b">1</subfield>
  </datafield>
  <datafield tag="100" ind1=" " ind2=" ">
    <subfield code="a"> KIPROTICH, NGENO OBADIAH</subfield>
  </datafield>
  <datafield tag="245" ind1=" " ind2=" ">
    <subfield code="a">ASSESSMENT OF THE FACTORS INFLUENCING THE CHOICE OF DISTRIBUTION CHANNELS: </subfield>
    <subfield code="b">A CASE STUDY OF KISII BOTTLERS LIMITED</subfield>
  </datafield>
  <datafield tag="260" ind1=" " ind2=" ">
    <subfield code="a">KISII UNIVERSITY,</subfield>
    <subfield code="b">KISII UNIVERSITY PRESS,</subfield>
    <subfield code="c">2012,</subfield>
  </datafield>
  <datafield tag="300" ind1=" " ind2=" ">
    <subfield code="a">XI, 26 P,  ILL;</subfield>
  </datafield>
  <datafield tag="500" ind1=" " ind2=" ">
    <subfield code="a">INCLUDES BIBLIOGRAPICAL REFERENCES</subfield>
  </datafield>
  <datafield tag="650" ind1=" " ind2=" ">
    <subfield code="a">Marketing &amp; distribution</subfield>
  </datafield>
  <datafield tag="942" ind1=" " ind2=" ">
    <subfield code="2">lcc</subfield>
    <subfield code="c">REF</subfield>
  </datafield>
  <datafield tag="999" ind1=" " ind2=" ">
    <subfield code="c">215867</subfield>
    <subfield code="d">215867</subfield>
  </datafield>
  <datafield tag="952" ind1=" " ind2=" ">
    <subfield code="0">0</subfield>
    <subfield code="1">0</subfield>
    <subfield code="2">lcc</subfield>
    <subfield code="4">0</subfield>
    <subfield code="6">THE H F5415 I29  .K00057 02012</subfield>
    <subfield code="7">0</subfield>
    <subfield code="8">SC</subfield>
    <subfield code="9">372296</subfield>
    <subfield code="a">KSUL</subfield>
    <subfield code="b">KSUL</subfield>
    <subfield code="c">DISPLAY</subfield>
    <subfield code="d">2025-07-09</subfield>
    <subfield code="i">45987</subfield>
    <subfield code="l">0</subfield>
    <subfield code="o">THE HF 5415 .I29 .K57 2012</subfield>
    <subfield code="p">000000015546</subfield>
    <subfield code="r">2025-07-09 12:05:11</subfield>
    <subfield code="t">C.1</subfield>
    <subfield code="w">2025-07-09</subfield>
    <subfield code="y">REF</subfield>
  </datafield>
</record>
